| 000 | 00693 a2200193 4500 | ||
|---|---|---|---|
| 020 | _a0821349139 | ||
| 020 | _a9780821349137 | ||
| 082 | 0 | 4 | _a332.673 |
| 090 |
_c3177 _d3177 |
||
| 100 | 1 | _aWest, Gerald T. | |
| 245 | 1 | 0 |
_aInvestment insurance and developmental impact : _bevaluating miga's experience / _cGerald T. West. |
| 260 |
_a[S.l.] : _bWorld Bank Publications, _c2001. |
||
| 300 |
_a124 p. ; _c28 cm. |
||
| 500 | _aPaperback. | ||
| 700 | 1 | _aTarazona, Ethel I. | |
| 856 | 4 | 0 |
_3Amazon.com _uhttp://www.amazon.com/exec/obidos/ASIN/0821349139/chopaconline-20 |
| 856 | 4 | 0 |
_3Amazon customer reviews _uhttp://www.chopac.org/cgi-bin/tools/azrev.pl?q=0821349139 |
| 942 |
_aNBS _cBK _k332.673 WES |
||
| 999 |
_c345665 _d345665 |
||